000 00590cam a22002053a 4500
001 44444
003 PGUSA
005 20140828084020.0
008 131216s2013||||xxu|||||s|||||000 | eng d
040 _aPGUSA
_beng
042 _adc
100 1 _aGould, Hannah Flagg,
_d1789-1865
245 1 0 _aMother's Dream and Other Poems
_h[electronic resource] /
_cHannah Flagg Gould
260 _bProject Gutenberg,
_c2013
506 _aPublic domain in the USA.
516 _aElectronic text
830 0 _aProject Gutenberg
_v44444
856 4 0 _uhttp://www.gutenberg.org/ebooks/44444
942 _cEB
999 _c273695
_d273695